Normal view
MARC view
Entry Uniform Title
001 - CONTROL NUMBER
- control field: 17186
003 - CONTROL NUMBER IDENTIFIER
- control field: BD-RjUL
005 - DATE AND TIME OF LATEST TRANSACTION
- control field: 20251015115535.0
008 - FIXED-LENGTH DATA ELEMENTS
- fixed length control field: 251015|| aca||aabn | a|a d
040 ## - CATALOGING SOURCE
- Original cataloging agency: BD-RjUL
- Transcribing agency: BD-RjUL
130 ## - HEADING--UNIFORM TITLE
- Uniform title: College outline series
670 ## - SOURCE DATA FOUND
- Source citation: Work cat.: (BD-RjUL)66043: Gatner, Elliott S. M. 195348, Research and report writing /, 1955, [1961,1964]